MDQL
is popping MORE tags! Check the
thread
!
Quizzes
Events
Quiz Creation
Community
Videos
Private Events
Remove Ads
Sign In
Join for FREE
Feedback
Dark Mode
Quiz Categories
Sports
Geography
Music
Movies
Television
Just For Fun
Miscellaneous
History
Literature
Language
Science
Gaming
Entertainment
Religion
Holiday
For Kids
Quiz Lab
Recent
Popular Today
Quiz Kudos Today
Editor Picks
Curator Picks
Quizzes by...
Day
Popularity
Type
Ratings
Length
Year
Community
Subscriptions
Recent Discussions
Orange Saloon
Badges
Playlists
Quests
Create
Leaderboards
Showdown
Live 5
Trivia Bingo
Activity
Puzzle Library
Sporcle Events
Private Events
Virtual Trivia
Globe League
Become a Host
Pub Owners
SporcleCon
Opinionation
Our Games
Videos
Blog
Mobile Apps
Partnerships
Remove Ads and Go Orange
Feedback
Sports
Athletes
MLB
NBA
NHL
NFL
Soccer
Sports Teams
WWE
NCAA
Football
Premier League
Basketball
Baseball
Hockey
Golf
Tennis
Cricket
Rugby
Auto Racing
Olympics
World Cup
Sports
Athletes
MLB
NBA
NHL
NFL
Soccer
Sports Teams
WWE
NCAA
Football
Premier League
Basketball
Baseball
Hockey
Golf
Tennis
Cricket
Rugby
Auto Racing
Olympics
World Cup
Random Quiz
Search Sporcle
×
Quiz Lab
Quiz Lab
Sports
NBA
Type in answers that appear in a list
Type in answers that appear in a list
Classic
Best Score? Go Orange.
NBA Regular Season MVP Award Winners since the merger Stats
Can you name the NBA Season MVP Award Winners since the merger?
By
R4bz
60s
36 Questions
265 Plays
265 Plays
265 Plays
Comments
Comments
Give Quiz Kudos
Give Quiz Kudos
-
- Ratings
hide this ad
More Info
Replay
Link that replays current quiz
Next Quiz
Link to next quiz in quiz playlist
You Got
0%
They Got
Avg Score
89%
Avg Friend Score
Upgrade to see
Score Distribution
Jump to the score distribution portion of the page
Score
0/36
Timer
01:00
0
Plays Today
Season
Regular Season MVP
% Correct
2009-
2010
LeBron James
96.6%
2008-
2009
LeBron James
96.6%
1997-
1998
Michael Jordan
96.6%
1995-
1996
Michael Jordan
96.6%
1991-
1992
Michael Jordan
96.6%
1990-
1991
Michael Jordan
96.6%
1987-
1988
Michael Jordan
96.6%
2007-
2008
Kobe Bryant
95.8%
2010-
2011
Derrick Rose
94.7%
2002-
2003
Tim Duncan
94%
2001-
2002
Tim Duncan
94%
2005-
2006
Steve Nash
92.5%
2004-
2005
Steve Nash
92.5%
2000-
2001
Allen Iverson
91.7%
1989-
1990
Earvin 'Magic' Johnson
91.7%
1988-
1989
Earvin 'Magic' Johnson
91.7%
1986-
1987
Earvin 'Magic' Johnson
91.7%
1999-
2000
Shaquille O'Neal
91.3%
Season
Regular Season MVP
% Correct
2006-
2007
Dirk Nowitzki
90.9%
1985-
1986
Larry Bird
90.6%
1984-
1985
Larry Bird
90.6%
1983-
1984
Larry Bird
90.6%
2003-
2004
Kevin Garnett
89.4%
1998-
1999
Karl Malone
88.3%
1996-
1997
Karl Malone
88.3%
1982-
1983
Moses Malone
88.3%
1981-
1982
Moses Malone
88.3%
1978-
1979
Moses Malone
88.3%
1993-
1994
Hakeem Olajuwon
86.4%
1994-
1995
David Robinson
85.3%
1992-
1993
Charles Barkley
85.3%
1979-
1980
Kareem Abdul-Jabbar
78.9%
1976-
1977
Kareem Abdul-Jabbar
78.9%
1975-
1976
Kareem Abdul-Jabbar
78.9%
1980-
1981
Julius Erving
78.1%
1977-
1978
Bill Walton
63.4%
Quiz Playlist
Details
Report
Send in Message
Add To Playlist
More Info:
How well do you know your NBA regular season award winners.
Classic:
Type in answers that appear in a list
Last Updated: Feb 16, 2017
Quiz Scoreboard
CHALLENGE
Sign Up to Join the Scoreboard
Show All
Scores
Hide
Comments
May contain spoilers
Recently Published
Two Season TV Shows II
by 123Four
Television
10m
Image Sorting: Flags VI
by Barbecue
Geography
2m
Find the 'City' Movie
by crazypaving
Movies
60s
More to Explore
Quiz From the Vault
Featured Blog Post
14 Easter Pick-up Lines to Find Eggs With
hide this ad
You Might Also Like...
Tags
Basketball Quiz
NBA Quiz
Award
MVP
regular
season
team
Winner
Today's Top Quizzes in Sports
Browse Sports
hide this ad
Today's Top Quizzes in NBA
Browse NBA
Top Contributed Quizzes in Sports
1
Les meilleurs buteurs des matchs entre le PSG et l’OM
2
Les entraîneurs de l'OM et du PSG au 21e siècle
3
2022 World Cup Stars
4
Les joueurs passés par le PSG et l'OM
5
Players with Multiple 50 Home Run Seasons
6
FIFA Club World Cup Champions
7
Criteria MLB: Left Handed Sluggers
8
Les joueurs passés par le LOSC et le RC Lens
9
Top 10 NHL Goal Scorers of All Time
10
NBA Logic Puzzle 2.0
Explore More
Trending Topics
Marvel
Disney
Kpop
Crossword
Harry Potter
Anime
NBA
Song
The Office
WWE
Soccer
Puzzle
Country
Pokémon
NFL
hide this ad
More By:
R4bz
Quiz
Plays
Rating
Category
Featured
Created
Pokemon Moves
647
5.00
Gaming
Mar 15, 2012
NBA Players that were in the Jordan Era
382
4.00
Sports
Apr 2, 2012
NRL All-time time top point scorers (1998-2011)
370
3.00
Sports
Mar 9, 2012
Dragon Ball/Z/GT/Movie Techniques
346
3.50
Television
Mar 12, 2012
50 Most Clutch NBA players of all Time
319
4.00
Sports
Apr 3, 2012
Go to Creator's Profile
Score Distribution
Quiz Creator Spotlight
R4bz
Follow
Send a Message
Quizzes Created
-
Created Quiz Play Count
-
More By This Creator
Popular Quizzes Today
1
Find the US States - No Outlines Minefield
2
Colored Red Africa Blitz
3
Find the 'City' Movie
4
5x2 Blitz: Bands
5
The Countries of the World
6
Find the Countries of Europe - No Outlines Minefield
7
Find the US States
8
US States
More Sports Quizzes
Ultimate Team Canada Rosters (1972 - 2010)
Editor's Pick
Trending Quizzes
Colored Red Europe Blitz I
Colored Red Africa Blitz II
Colored Red Europe Blitz II
Colored Red Africa Blitz III
Even More Two Season TV Shows
Recently Updated
March Madness Men's Triple Doubles
pecheneg
How Do You Spell That?
pecheneg
Godzilla Movies
pecheneg
Grab Bag: 4-10 Letters
pecheneg
2024 March Madness Bracket
pecheneg
Famous TV Couples
Peacemaker
Champions League XIs: Real Madrid
pecheneg
Largest US Cities 1790-2010
pecheneg
Rides in Walt Disney World
pecheneg
Most Oscar Losses (Acting)
pecheneg
Trending Topics
NBA
Crossword
Disney
Marvel
Kpop
Anime
Harry Potter
Soccer
Puzzle
Pokémon
The Office
Song
Country
NFL
WWE
Your Account Isn't Verified!
In order to create a playlist on Sporcle, you need to verify the email address you used during registration. Go to your
Sporcle Settings
to finish the process.
Report this User
Report this user for behavior that violates our
Community Guidelines
.
Details:
Send Report
Go to the Sporcle.com Mobile Site →
Comments